000 00646nam a2200241 i 4500
001 C2-0289126
003 PPAK
005 20180728022018.0
008 080721s2007 my a|||| ||||| | may d
020 _a9789833653645
040 _aPPAK
_beng
_cPPAK
_erda
082 0 4 _a741.5
_223
090 0 0 _a741.5
_bUDO
_dG
100 0 _aUdo,
_eauthor
245 1 0 _aAcan & Ucin
264 1 _aBatu Caves, Selangor :
_bPTS One ,
_c2007
300 _a123 pages :
_billustrations ;
_c21 cm
336 _2rdacontent
_atext
337 _2rdamedia
_aunmediated
338 _2rdacarrier
_avolume
650 1 0 _aMalays--Comic books, strips, etc
942 _ddc
_cB
999 _c94619
_d94619